LEADER 01972oas 2200841 a 450 001 9910142280103321 005 20251022213014.0 011 $a2328-1294 035 $a(DE-599)ZDB2462339-8 035 $a(OCoLC)266072287 035 $a(CONSER) 2008234457 035 $a(CKB)1000000000324448 035 $a(EXLCZ)991000000000324448 100 $a20081031b19341951 uy a 101 0 $aeng 135 $aur||||||||||| 181 $ctxt$2rdacontent 182 $cc$2rdamedia 183 $acr$2rdacarrier 200 00$aArs islamica 210 $aAnn Arbor $cUniversity of Michigan Press$d1934-1951 311 08$a1939-6406 606 $aIslamic art 606 $aArt$vPeriodicals 606 $aArt$2fast$3(OCoLC)fst00815177 606 $aIslamic art$2fast$3(OCoLC)fst01730275 606 $aArt islamique$vPe?riodiques 606 $aArt$vPe?riodiques 608 $aPeriodicals.$2fast 608 $aPeriodicals.$2lcgft 615 0$aIslamic art. 615 0$aArt 615 7$aArt. 615 7$aIslamic art. 615 6$aArt islamique 615 6$aArt 676 $a709.5 686 $a20.50$2bcl 712 02$aUniversity of Michigan.$bResearch Seminary in Islamic Art. 712 02$aDetroit Institute of Arts 801 0$bEYM 801 1$bEYM 801 2$bHUL 801 2$bNLGGC 801 2$bHLS 801 2$bOCLCA 801 2$bGWDNB 801 2$bOCLCQ 801 2$bGBVCP 801 2$bOCLCO 801 2$bOCLCQ 801 2$bDLC 801 2$bOCLCF 801 2$bOCLCO 801 2$bOCLCQ 801 2$bDEBBG 801 2$bOCLCA 801 2$bGILDS 801 2$bOCLCO 801 2$bVT2 801 2$bTKN 801 2$bOCLCO 801 2$bBWN 801 2$bOCLCQ 801 2$bU3W 801 2$bOCLCQ 801 2$bUAB 801 2$bOCLCQ 801 2$bOCLCL 906 $aJOURNAL 912 $a9910142280103321 996 $aArs islamica$91322285 997 $aUNINA